Dokumenty Evropské unie

Pracovný program Európskej komisie pre rok 1995 (2. časť). Prvé zasadanie Asociačnej rady EÚ - Česká republika (Luxemburg, 10.apríla 1995).

Salvato in:
Dettagli Bibliografici
Natura: Capitolo di libro
Lingua:ceco
Soggetti:
Tags: Aggiungi Tag
Nessun Tag, puoi essere il primo ad aggiungerne!!

MARC

LEADER 00000naa a2200000 4500
001 r017186
005 20221208130913.0
041 0 |a cze 
044 |a CZ 
245 1 0 |a Dokumenty Evropské unie 
520 |a Pracovný program Európskej komisie pre rok 1995 (2. časť). Prvé zasadanie Asociačnej rady EÚ - Česká republika (Luxemburg, 10.apríla 1995). 
610 2 0 |a Európska únia 
610 2 0 |a dokumenty 
610 2 0 |a 1995